00308nam a2200109 a 4500008004100000050001700041100001800058245006300076260003000139300002000169350000900189120416s1967 ||||||||||||||||| || u aQC 174.1 Lin aLindsay, P. A10aIntroduction to quantum mechanics for electrical engineers aLondonbMcGraw-Hillc1967 axi, 240p. : ill a0.00